000 00709cam a22002413a 4500
001 15852
003 PGUSA
005 20140828083335.0
008 050518s2005||||xxu|||||s|||||000 1 eng d
040 _aPGUSA
_beng
042 _adc
050 4 _aPS
050 4 _aPZ
100 1 _aAltsheler, Joseph A.
_q(Joseph Alexander),
_d1862-1919
245 1 4 _aThe Texan Star :
_bThe Story of a Great Fight for Liberty
_h[electronic resource] /
_cJoseph A. Altsheler
260 _bProject Gutenberg,
_c2005
506 _aPublic domain in the USA.
516 _aElectronic text
653 _aTexas -- Fiction
830 0 _aProject Gutenberg
_v15852
856 4 0 _uhttp://www.gutenberg.org/ebooks/15852
942 _cEB
999 _c245107
_d245107